Villes de Charente-Maritime par arrondissement - Statistiques

Statistiques générales
  • Ce quiz a été pris 83 fois
  • Le résultat moyen est 11 sur 25
Statistiques - réponses
Ville Population % Correct
La Rochelle 78 535
96%
Rochefort 23 092
95%
Saintes 25 518
91%
Jonzac 3 550
89%
Saint-Jean-d'Angely 6 705
88%
Royan 19 029
74%
Aytré 9 578
70%
Lagord 7 387
60%
Pons 4 273
54%
Tonnay-Charente 8 195
53%
Périgny 8 741
51%
Surgères 6 825
51%
Puilboreau 6 635
49%
Saujon 7 183
46%
Saint-Pierre-d'Oléron 6 627
39%
Matha 2 190
37%
Gémozac 2 989
28%
Montendre 3 228
28%
Chaniers 3 597
14%
Montguyon 1 567
11%
Saint-Savinien 2 453
9%
Saint-Aigulin 1 888
7%
Saint-Hilaire-de-Villefranche 1 339
7%
Bords 1 319
4%
Médis 3 036
0%
Aucun quiz correspondant
Distribution des résultats
% des personnes avec chaque résultat
Percentile par nombre de réponses
Votre historique - résultats
Vous n’avez pas pris ce quiz